| 000 | 00670nam a2200193 a 4500 | ||
|---|---|---|---|
| 005 | 20220725142446.0 | ||
| 008 | 991125s1967 mx 000 0 spa u | ||
| 035 | _aUPN01000046220 | ||
| 049 | _aLT | ||
| 050 | 4 |
_aLB1653 M6 _bP3.6 1967 |
|
| 100 | 1 | _aPardo Zepeda, Federico | |
| 245 | 1 | 0 |
_aPrimer curso de geografía física y humana / _cFederico Pardo Zepeda, Raúl Sánchez Basurto. |
| 260 |
_aMéxico : _bProgreso, _c1967. |
||
| 300 |
_a216 p. : _bil. col. |
||
| 650 | 4 |
_aGeografía física _xEstudio y enseñanza (Secundaria) _921662 |
|
| 650 | 4 |
_aGEOGRAFIA HUMANA - _xESTUDIO Y ENSEÑANZA (SECUNDARIA) |
|
| 700 | 1 |
_aSánchez Basurto, Raúl, _ecoaut. |
|
| 905 | _aLibro | ||
| 999 |
_c46220 _d46220 |
||